000 00481nmm a2200169Ia 4500
008 251105s9999||||xx |||||||||||||||||und||
020 _a9788498797985
041 _aspa
100 _aTamayo Acosta, Juan José
245 0 _aHermano islam
264 _a[Madrid, España] :
_bTrotta Editorial,
_c2019
300 _a122 páginas
490 _aEstructuras y Procesos. Religión
650 _aReligion(s)
856 _uhttps://public.digitaliapublishing.com/a/67381
942 _cCF
999 _c92056
_d92056